Statistiken für Europäische Hauptstädte - Karten-Quiz

Klicken Sie hier um das Quiz zu spielen!

Allgemein

  • Dieses Quiz wurde 13.603 mal gespielt
  • Das Durchschnittsergebnis liegt bei 30 aus 44

Antworten auf der Karte

Die Antworten werden auf der Karte rot bzw. grün angezeigt, abhängig davon wie oft sie richtig erraten wurden.
 

Antwortstatistiken

Antwort% Korrekt
London
92%
Amsterdam
91%
Madrid
91%
Lissabon
90%
Paris
90%
Dublin
89%
Athen
88%
Luxemburg
87%
Berlin
86%
Brüssel
85%
Rom/Vatikan
84%
Andorra la Vella
82%
Monaco
82%
Bern
80%
Reykjavík
80%
Wien
80%
San Marino
79%
Moskau
78%
Warschau
78%
Helsinki
77%
Kopenhagen
76%
Prag
76%
Oslo
75%
Kiew
74%
Stockholm
74%
Minsk
66%
Zagreb
63%
Budapest
60%
Valletta
59%
Vaduz
56%
Riga
55%
Sofia
54%
Bukarest
52%
Tallinn
52%
Ljubljana
51%
Vilnius
50%
Sarajevo
48%
Tirana
48%
Chișinău
46%
Bratislava
45%
Belgrad
44%
Skopje
41%
Podgorica
37%
Pristina
37%

Verteilung der Resultate

Perzentil nach korrekt beantworteten Fragen

Anzahl Personen mit jedem Resultat

Ihre Resultats-Entwicklung

Sie haben dieses Quiz noch nicht gespielt